BIBLIOTECA

SENCICO

Principios universales de diseño / (Registro nro. 256)

Detalles MARC
000 -LEADER
fixed length control field 01178nam a2200277Ia 4500
003 - CONTROL NUMBER IDENTIFIER
control field PE SENCICO BE
005 - DATE AND TIME OF LATEST TRANSACTION
control field 20251020182431.0
008 - FIXED-LENGTH DATA ELEMENTS--GENERAL INFORMATION
fixed length control field 200515s9999 xx 000 0 und d
020 ## - INTERNATIONAL STANDARD BOOK NUMBER
International Standard Book Number 84-8076-532-1
040 ## - CATALOGING SOURCE
Original cataloging agency PE SENCICO BE
Transcribing agency PE SENCICO BE
041 ## - LANGUAGE CODE
Language code of text/sound track or separate title spa
082 ## - DEWEY DECIMAL CLASSIFICATION NUMBER
Classification number 745.4
Item number L62
100 1# - MAIN ENTRY--PERSONAL NAME
Personal name Lidwell, William
9 (RLIN) 2588
Relator term autor
245 10 - TITLE STATEMENT
Title Principios universales de diseño /
Statement of responsibility, etc. William Lidwell, Kritina Holden, Jill Butler
250 ## - EDITION STATEMENT
Edition statement 1a ed.
260 ## - PUBLICATION, DISTRIBUTION, ETC.
Place of publication, distribution, etc. Barcelona :
Name of publisher, distributor, etc. Blume ;
Date of publication, distribution, etc. 2005
300 ## - PHYSICAL DESCRIPTION
Extent 215 p. :
Other physical details il., graf. ;
Dimensions 26 cm.
505 0# - FORMATTED CONTENTS NOTE
Formatted contents note ¿Como influir en la percepción de un diseño? -- ¿Como instruir a través del diseño? -- ¿Como realizar la utilidad de un diseño? -- ¿Como incrementar el atractivo de un diseño? -- ¿Como mejorar el modo de diseñar?
520 3# - SUMMARY, ETC.
Summary, etc. 100 maneras de fomentar el utilitarismo, influir en la percepción, incrementar el atractivo de los objetos, diseñar de forma más acertada y enseñar a través del diseño
650 10 - SUBJECT ADDED ENTRY--TOPICAL TERM
Topical term or geographic name entry element Diseño
9 (RLIN) 965
650 20 - SUBJECT ADDED ENTRY--TOPICAL TERM
Topical term or geographic name entry element Diseño industrial
9 (RLIN) 2580
700 1# - ADDED ENTRY--PERSONAL NAME
9 (RLIN) 2589
Personal name Holden, Kritina
Relator term autor
700 1# - ADDED ENTRY--PERSONAL NAME
9 (RLIN) 2590
Personal name Butler, Jill
Relator term autor
942 ## - ADDED ENTRY ELEMENTS (KOHA)
Koha item type Libros
Source of classification or shelving scheme Dewey Decimal Classification
Existencias
Fecha de la última vez que lo usaron Pago total Signatura topográfica completa Código de barras Precio efectivo desde Tipo de documento Estado perdido Sistema de clasificación Estado dañado No es para préstamo Retirado Ubicación permanente Ubicación actual Fecha de adquisición
15/05/2020   745.4/L62 BibLima24100008 15/05/2020 Libros   Dewey Decimal Classification       Biblioteca Central Lima Biblioteca Central Lima 15/05/2020